[Event "Khanty-Mansiysk Governor Cup 17th"]
[Site "Khanty-Mansiysk"]
[Date "2021.11.15"]
[Round "5"]
[White "Zemlyanskii, Ivan"]
[Black "Kolbin, Valeri"]
[Result "1-0"]
[WhiteElo "2101"]
[BlackElo "1537"]
[PlyCount "81"]
[EventDate "2021.11.11"]
[EventType "swiss"]
[EventRounds "9"]
[EventCountry "RUS"]
[SourceTitle "CBM 205 Extra"]
[Source "ChessBase"]
[SourceDate "2022.01.31"]
[SourceVersion "1"]
[SourceVersionDate "2022.01.31"]
[SourceQuality "1"]

1. c4 Nf6 2. g3 e6 3. Bg2 c5 4. Nf3 Nc6 5. 0-0 Be7 6. Nc3 0-0 7. b3 d5 8. cxd5 exd5 9. d4 Bf5 10. dxc5 Bxc5 11. Bb2 Rc8 12. Rc1 Bb6 13. Na4 Re8 14. Nxb6 axb6 15. a3 Be4 16. Qd2 Qe7 17. Bh3 Rcd8 18. Nd4 Bg6 19. Rxc6 bxc6 20. Nxc6 Qxe2 21. Qxe2 Rxe2 22. Bxf6 Ra8 23. Bd4 Rxa3 24. Bxb6 Ra6 25. Nd4 Rea2 26. Re1 h6 27. Bc5 Be4 28. Bf5 Ra1 29. Rf1 Rxf1+ 30. Kxf1 Ra1+ 31. Ke2 Bg2 32. Bd3 Bh3 33. b4 Bc8 34. Bf5 Bb7 35. Bd7 Ra2+ 36. Ke3 g5 37. Bc6 Ra3+ 38. Kd2 Ra2+ 39. Kc3 Bc8 40. Bxd5 Rxf2 41. Nc6 1-0

[Event "Khanty-Mansiysk Governor Cup 16th"]
[Site "Khanty-Mansiysk"]
[Date "2020.12.06"]
[Round "7"]
[White "Fedorov, Semen K"]
[Black "Kolbin, Valeri"]
[Result "0-1"]
[WhiteElo "1309"]
[BlackElo "1378"]
[PlyCount "116"]
[EventDate "2020.11.30"]
[EventType "swiss"]
[EventRounds "9"]
[EventCountry "RUS"]
[SourceTitle "CBM 199 Extra"]
[Source "ChessBase"]
[SourceDate "2021.01.31"]
[SourceVersion "1"]
[SourceVersionDate "2021.01.31"]
[SourceQuality "1"]

1. d4 Nf6 2. c4 e6 3. Nc3 b6 4. Bg5 Be7 5. Nf3 Bb7 6. e3 0-0 7. Bd3 c5 8. 0-0 d5 9. cxd5 exd5 10. Qc2 h6 11. Bf4 Nc6 12. a3 Re8 13. Bf5 Bd6 14. Bxd6 Qxd6 15. Nb5 Qe7 16. Rfe1 a6 17. Nc3 Rad8 18. Na4 g6 19. Bd3 c4 20. Bf1 b5 21. Nc5 Bc8 22. b3 Bf5 23. Qc3 Ne4 24. Nxe4 Bxe4 25. Nd2 Bf5 26. Be2 Rc8 27. Bf3 Qd7 28. Nf1 Ne7 29. b4 Bg4 30. Nd2 Bxf3 31. Nxf3 Qg4 32. h3 Qd7 33. Ne5 Qc7 34. a4 Nc6 35. Nxc6 Qxc6 36. axb5 axb5 37. Re2 Ra8 38. Rea2 Rxa2 39. Rxa2 Ra8 40. Rc2 Ra4 41. Rb2 Qa6 42. Qc2 Ra1+ 43. Kh2 Ra4 44. Qc3 Ra2 45. Qc2 Rxb2 46. Qxb2 Qa4 47. Qc3 Qb3 48. Qa1 Qxb4 49. Qa8+ Qf8 50. Qxd5 Qb8+ 51. g3 c3 52. Qc5 b4 53. d5 b3 54. d6 b2 55. d7 b1Q 56. Qc8+ Kg7 57. d8Q Qxc8 58. Qxc8 Qb2 0-1

[Event "Khanty-Mansiysk Governor Cup 16th"]
[Site "Khanty-Mansiysk"]
[Date "2020.11.30"]
[Round "1"]
[White "Kolbin, Valeri"]
[Black "Vetokhin, Savva"]
[Result "0-1"]
[WhiteElo "1378"]
[BlackElo "2317"]
[PlyCount "116"]
[EventDate "2020.11.30"]
[EventType "swiss"]
[EventRounds "9"]
[EventCountry "RUS"]
[SourceTitle "CBM 199 Extra"]
[Source "ChessBase"]
[SourceDate "2021.01.31"]
[SourceVersion "1"]
[SourceVersionDate "2021.01.31"]
[SourceQuality "1"]

1. e4 c5 2. Nf3 d6 3. c3 Nf6 4. Bd3 Nc6 5. Bc2 Bg4 6. 0-0 e6 7. d3 d5 8. exd5 Nxd5 9. Re1 Bd6 10. Nbd2 0-0 11. h3 Bh5 12. Ne4 Ne5 13. g4 Nxf3+ 14. Qxf3 Bg6 15. Bg5 Bxe4 16. dxe4 Qxg5 17. exd5 exd5 18. Rad1 Rad8 19. Kg2 Bb8 20. Qf5 Qxf5 21. Bxf5 g6 22. Bc2 Rd7 23. Ba4 Rd6 24. Re7 b6 25. Bb3 c4 26. Bc2 Re6 27. Re1 Rxe1 28. Rxe1 Rd8 29. Ba4 Kg7 30. Re8 Rxe8 31. Bxe8 Kf6 32. Kf3 Bd6 33. Bd7 Ke5 34. Be8 f6 35. Bf7 b5 36. Bg8 h6 37. Bh7 g5 38. Bc2 d4 39. cxd4+ Kxd4 40. Ke2 a5 41. Kd2 Bf4+ 42. Kd1 b4 43. Ke2 Bc1 44. b3 Kc3 45. Bd1 cxb3 46. Bxb3 Bf4 47. Kf3 Kb2 48. Ke4 Ka3 49. Kf5 a4 50. Bd5 Be5 51. Kg6 b3 52. axb3 axb3 53. Kxh6 b2 54. Be4 Ka2 55. Kh5 b1Q 56. Bxb1+ Kxb1 57. h4 Bf4 58. hxg5 fxg5 0-1